00466nmm a2200157Ia 4500008004100000020001800041041000800059100002600067245004700093264005500140300001800195650002000213856005100233942000700284999001700291251105s9999||||xx |||||||||||||||||und|| a9789560102294 aspa aEdwards, Juan Claudio 0aDiez x 10: tributo artístico a Juan Emar a[Santiago de Chile, Chile] :bRil editores, c2015 a240 páginas aArts in general uhttps://public.digitaliapublishing.com/a/42594 cCF c93720d93720